| 000 | 01027nac a22002771u 4500 | ||
|---|---|---|---|
| 010 | _a 87014720 | ||
| 020 | _a0683044699 | ||
| 082 | 0 | 0 |
_a618.1 _bN8567 |
| 090 |
_c3542 _d3542 |
||
| 100 | _aNovak, Edmund R. | ||
| 245 | 1 | 0 |
_aNovak's textbook of gynecology / _c Edmund R. Novak. |
| 250 |
_a11th ed. / _bHoward W. Jones III, Anne Colston Wentz, Lonnie S. Burnett. |
||
| 260 |
_aBaltimore, MD, U.S.A. : _bWilliams & Wilkins, _cc1988. |
||
| 300 |
_axvi, 919 p. : _bill. ; _c27 cm. |
||
| 500 | _aDonations. | ||
| 500 | _aDonations - Bibliotheca Alexandrina. | ||
| 504 | _aIncludes bibliographies and index. | ||
| 650 | 0 | _aGynecology. | |
| 650 | 0 | _aGenital Diseases, Female. | |
| 700 | 1 |
_aJones, Howard W. _q(Howard Wilbur), _d1942- |
|
| 700 | 1 |
_aWentz, Anne Colston, _d1940- |
|
| 700 | 1 | _aBurnett, Lonnie S. | |
| 740 | 0 | _aTextbook of gynecology. | |
| 942 |
_cBB _k618.1N8567 |
||
| 999 |
_c3542 _d3542 |
||